000 00296 a2200145 4500
001 167595
020 _a
040 _cMagnum
100 _aLaua, Maurilio do Prado
240 1 0 _aCacos de estrelas
_lpor
245 1 0 _aCacos de estrelas
362 0 _a1899
697 _aIJ/POESIA
942 _cBK
999 _c167595
_d167595